It looks like you're offline.
Open Library logo
additional options menu

MARC Record from Scriblio

Record ID marc_records_scriblio_net/part18.dat:7413480:752
Source Scriblio
Download Link /show-records/marc_records_scriblio_net/part18.dat:7413480:752?format=raw

LEADER: 00752cam 2200241 a 4500
001 85020087
003 DLC
005 20000328102341.0
008 850830s1986 mau b 001 0 eng
010 $a 85020087
020 $a020112078X (pbk.) :$c$21.95 (est.)
040 $aDLC$cDLC$dDLC
050 00 $aQA76.73.C153$bS77 1986
082 00 $a005.13/3$219
100 1 $aStroustrup, Bjarne.
245 14 $aThe C++ programming language /$cBjarne Stroustrup.
260 $aReading, Mass. :$bAddison-Wesley,$cc1986.
300 $aviii, 327 p. ;$c24 cm.
440 0 $aAddison-Wesley series in computer science
504 $aBibliography: p. 10.
500 $aIncludes index.
650 0 $aC++ (Computer program language)
740 0 $aC plus plus programming language.